The Philosophy of Donald Davidson (Record no. 122655)
[ view plain ]
| 000 -LEADER | |
|---|---|
| fixed length control field | 00550nam a22001577a 4500 |
| 008 - FIXED-LENGTH DATA ELEMENTS--GENERAL INFORMATION | |
| fixed length control field | 150416b xxu||||| |||| 00| 0 eng d |
| 020 ## - INTERNATIONAL STANDARD BOOK NUMBER | |
| International Standard Book Number | 9780812693997 |
| 050 ## - LIBRARY OF CONGRESS CALL NUMBER | |
| Classification number | B945.D384. P45 1999 |
| 245 ## - TITLE STATEMENT | |
| Title | The Philosophy of Donald Davidson |
| Statement of responsibility, etc | Edited by lewis Edwin Hahn |
| 260 ## - PUBLICATION, DISTRIBUTION, ETC. (IMPRINT) | |
| Place of publication, distribution, etc | Illinois |
| Name of publisher, distributor, etc | Open Court Publishing Company |
| Date of publication, distribution, etc | 1999 |
| 300 ## - PHYSICAL DESCRIPTION | |
| Extent | xvi,782p. ; |
| Dimensions | 24cm. |
| 440 ## - SERIES STATEMENT/ADDED ENTRY--TITLE | |
| Title | The library of living philosophers |
| Number of part/section of a work | vol. 27 |
| 9 (RLIN) | 17157 |
| 650 ## - SUBJECT ADDED ENTRY--TOPICAL TERM | |
| Topical term or geographic name as entry element | Davidson, Donald, 1917 |
| 9 (RLIN) | 17158 |
| 700 ## - ADDED ENTRY--PERSONAL NAME | |
| Personal name | Hahn, Lewis Edwin, 1908 |
| 9 (RLIN) | 17384 |
| Relator term | ed. |
| 942 ## - ADDED ENTRY ELEMENTS (KOHA) | |
| Source of classification or shelving scheme | Library of Congress Classification |
| Item type | Monograph ( Printed materials) |
| Withdrawn status | Lost status | Source of classification or shelving scheme | Damaged status | Not for loan | Collection code | Home library | Current library | Shelving location | Date acquired | Total Checkouts | Full call number | Barcode | Date last seen | Date last borrowed | Price effective from | Koha item type |
|---|---|---|---|---|---|---|---|---|---|---|---|---|---|---|---|---|
| Library of Congress Classification | Main Collection | ARRUPE LIBRARY | ARRUPE LIBRARY | Main Collection | 16/04/2015 | 1 | B945.D384P45 1999 | 46500002464 | 13/04/2018 | 15/03/2018 | 16/04/2015 | Monograph ( Printed materials) |